5HLuxD.jpg

KING HENRY VIII SENIOR AND PRIMARY SCHOOL LIBRARY OPAC

Moon attack (Record no. 3521)

000 -LEADER
fixed length control field 00774nam a22002297a 4500
005 - DATE AND TIME OF LATEST TRANSACTION
control field 20240216093127.0
008 - FIXED-LENGTH DATA ELEMENTS--GENERAL INFORMATION
fixed length control field 240216b ||||| |||| 00| 0 eng d
020 ## - INTERNATIONAL STANDARD BOOK NUMBER
International Standard Book Number 9781912076000
040 ## - CATALOGING SOURCE
Transcribing agency KH8
082 ## - DEWEY DECIMAL CLASSIFICATION NUMBER
Classification number 823.92 LEM
100 ## - MAIN ENTRY--PERSONAL NAME
Personal name Lemon-scott, Candice
Relator term Author
245 ## - TITLE STATEMENT
Title Moon attack
Statement of responsibility, etc. Candice Lemon-Scott
260 ## - PUBLICATION, DISTRIBUTION, ETC.
Name of publisher, distributor, etc. New Frontier Publishing,
Date of publication, distribution, etc. 2017
300 ## - PHYSICAL DESCRIPTION
Extent 113 pages :
Other physical details illustrations ;
Dimensions 20 cm
440 ## - SERIES STATEMENT/ADDED ENTRY--TITLE
Title Jake in space,
Volume/sequential designation 1
520 ## - SUMMARY, ETC.
Summary, etc. Jake in Space is a new sci-fi adventure series which follows Jake and his cyborg friends as they are sent on secret missions all over the solar system.
650 ## - SUBJECT ADDED ENTRY--TOPICAL TERM
Topical term or geographic name entry element Children's stories
650 ## - SUBJECT ADDED ENTRY--TOPICAL TERM
Topical term or geographic name entry element Fiction
650 ## - SUBJECT ADDED ENTRY--TOPICAL TERM
Topical term or geographic name entry element Science fiction
700 ## - ADDED ENTRY--PERSONAL NAME
Personal name Celeste Hulme
Relator term Illustrator
942 ## - ADDED ENTRY ELEMENTS (KOHA)
Source of classification or shelving scheme
Koha item type Books - Fiction
Holdings
Withdrawn status Lost status Source of classification or shelving scheme Damaged status Not for loan Collection code Permanent Location Current Location Shelving location Date acquired Full call number Barcode Date last seen Price effective from Koha item type
          Fiction KH8 Primary School Library KH8 Primary School Library Non Fiction 2024-02-16 823.92 LEM KHPL000004467 2025-12-05 2024-02-16 Books - Fiction

Powered By KH8 IT Dept